Micromechanism of cleavage fracture of metals : (Record no. 20449)

MARC details
000 -LEADER
fixed length control field 03015cam a22002775a 4500
001 - CONTROL NUMBER
control field 18264851
005 - DATE AND TIME OF LATEST TRANSACTION
control field 20160112112744.0
008 - FIXED-LENGTH DATA ELEMENTS--GENERAL INFORMATION
fixed length control field 140812s2015 enka frb 001 0 eng d
020 ## - INTERNATIONAL STANDARD BOOK NUMBER
International Standard Book Number 9780128007655 (hardback)
040 ## - CATALOGING SOURCE
Original cataloging agency DLC
Language of cataloging eng
Transcribing agency DLC
Modifying agency DLC
-- EG-ScBUE
082 04 - DEWEY DECIMAL CLASSIFICATION NUMBER
Classification number 669
Edition number 22
Item number CHE
100 1# - MAIN ENTRY--PERSONAL NAME
Personal name Chen, J.-H.
Fuller form of name (Jyh-Hong)
9 (RLIN) 39023
245 10 - TITLE STATEMENT
Title Micromechanism of cleavage fracture of metals :
Remainder of title a comprehensive microphysical model for cleavage cracking in metals /
Statement of responsibility, etc by J. H. Chen, R. Cao,
250 ## - EDITION STATEMENT
Edition statement 1st ed.
260 ## - PUBLICATION, DISTRIBUTION, ETC. (IMPRINT)
Place of publication, distribution, etc Oxford ;
-- Waltham :
Name of publisher, distributor, etc Butterworth-Heinemann / Elsevier,
Date of publication, distribution, etc 2015.
300 ## - PHYSICAL DESCRIPTION
Extent xix, 467 p. :
Other physical details ill. ;
Dimensions 25 cm.
500 ## - GENERAL NOTE
General note Index : p. 449-467.
504 ## - BIBLIOGRAPHY, ETC. NOTE
Bibliography, etc Includes bibliographical references.
505 8# - FORMATTED CONTENTS NOTE
Formatted contents note Machine generated contents note: Preface Chapter 1 Introduction Chapter 2 Methodology Chapter 3 Microphysical Processes of Cleavage Fracture of Steels Chapter 4 Critical Event for Cleavage Fracture Chapter 5 Criteria for Cleavage Fracture Chapter 6 Effects of Material Microstructure on Cleavage Fracture Chapter 7 Global Fracture Toughness Related to the Micromechanism of Cleavage Fracture Chapter 8 Special Case Studies Chapter 9 Brittle Fracture of TiAl Alloys and NiTi Memory Alloys Nomenclature Index.
520 ## - SUMMARY, ETC.
Summary, etc "Cleavage fracture needs to be described by a comprehensive microphysical model, i.e. to be systematically expounded by the micromechanism. Cleavage fracture is a most dangerous form of fracture, which causes innumerable catastrophic failures of structures and raises casualties resulting in property and human life losses. However with the flourishing development of new structural and functional materials the attentions on the fracture of traditional structural metals have been moved away, despite the fact that tragic accidents of catastrophic failure still happen from time to time. Nowadays, in the field of fracture mechanics rather more interest has been shown in the reproducible measurement of parameters which can be used in engineering design and rather less in the micromechanics of cracking, whether for cleavage or for other brittle fracture types (Thompson, 1993). Although many excellent texts and reference books on the topics of mechanism of fracture have been published such as the splendid one 'Fundamentals of Fracture Mechanics' by K. F. Knott (Knott, 1973), all these documents were exceptional reference sources at the time of their publication and remain to today. However no monographic book on a topic devoted specially on the micromechanism (microphysical model) of cleavage fracture has been published. Moreover, even though since the eighties of the last century considerable contributions have been made in the field concerning cleavage fracture, there is not yet an integrated theoretical system to elucidate its micromechanism"--
650 #7 - SUBJECT ADDED ENTRY--TOPICAL TERM
Topical term or geographic name as entry element Metals
General subdivision Cracking.
Source of heading or term BUEsh
9 (RLIN) 39024
650 #7 - SUBJECT ADDED ENTRY--TOPICAL TERM
Topical term or geographic name as entry element Metals
General subdivision Microstructure.
Source of heading or term BUEsh
9 (RLIN) 39025
653 ## - INDEX TERM--UNCONTROLLED
Resource For college Engineering, General
Arrived date list August2015
-- January2016
700 1# - ADDED ENTRY--PERSONAL NAME
Personal name Cao, R.
942 ## - ADDED ENTRY ELEMENTS (KOHA)
Source of classification or shelving scheme Dewey Decimal Classification
Holdings
Withdrawn status Lost status Source of classification or shelving scheme Damaged status Not for loan Koha collection Home library Current library Shelving location Date acquired Source of acquisition Cost, normal purchase price Serial Enumeration / chronology Total Checkouts Full call number Barcode Date last seen Cost, replacement price Koha item type
    Dewey Decimal Classification     Baccah Central Library Central Library First floor 04/08/2015 Purchase 1600.00 21761   669 CHE 000038984 15/07/2025 2000.00 Book - Borrowing